| 000 | 00754nam a2200193Ia 4500 | ||
|---|---|---|---|
| 999 |
_c3934 _d3934 |
||
| 003 | OSt | ||
| 005 | 20200623091416.0 | ||
| 008 | 191128s9999 -noa g 000 j spa d | ||
| 040 |
_aCO-JMCR _cCO-JMCR |
||
| 041 | _aspa | ||
| 082 | 0 | 4 |
_aJ / _bMON |
| 245 | 0 | _aMonopoly imperio / | |
| 260 |
_aEstados Unidos : _bHasbro, _c©2013 |
||
| 300 |
_a1 juego (1 tablero, 4 torres, 6 figuras, 36 fichas, 28 tarjetas, 1 paquete de dinero, 2 dados) _c 40 cm. x 26 cm. + instructivo |
||
| 500 | _aIncluye 129 billetes en diferentes denominaciones. Recomendado para mayores de 10 años. | ||
| 520 | _aEl emocionante juego de negociar propiedades. Construye tu imperio comprando ¡las mejores marcas del mundo!. | ||
| 650 |
_aJuegos de mesa _95948 |
||
| 942 |
_2ddc _cBK |
||